000 00789nas a2200265 4500
001 BR2011003316
003 BR-BrBNA
005 20231205115353.0
007 ta
008 230509b bl.|||p| |||| 00| 00por d
040 _aBR-BrBNA
_bpor
_cBiblioteca Nacional de Agricultura
041 _a(Pt)
072 _aP33
100 1 _aChaves, L.H.G.
100 1 _aSouza, R.S. de
100 1 _aTito, G.A.
245 1 _aAdsorção de zinco em argissolos do estado da Paraíba: efeito do pH1
650 _aADSORÇÃO
650 _aZINCO
650 _aANÁLISE DO SOLO
650 _aMETAL PESADO
773 0 _tRevista Ciência Agronômica (Brazil)
_xISSN 0045-6888
_g(Oct-Dec 2008), v. 39(4) p. 511-516
_wBR2011003316
909 _a202311
_bLúcia
_c55
_dLúcia Elande
942 _2AGRIS
_n0
_cANA
999 _c213449
_d213449